000 01800nam a2200445 a 4500
999 _c3232
_d3232
003 AKMAL
005 20170522091755.0
008 170522s2002 my a g 000 0 may d
020 _a9679933873 (kkt.):
_cRM25.00
040 _aAKMAL
082 0 4 _a658.314 ALA
_221
090 0 0 _a658.314
_bALA
100 0 _aAlauddin Sidal
_9556
245 1 0 _aDorongan dalam organisasi /
_cAlauddin Sidal
260 _aKuala Lumpur :
_bInstitut Tadbiran Awam Negara,
_c2002
300 _avii, 117ms. :
_bil. ;
_c21cm.
490 1 _aSiri pengurusan INTAN
500 _aHadiah
500 _aKoleksi Peribadi YABhg. Tun Ahmad Sarji (2100413)
504 _aBibliografi: ms. 117
650 1 0 _aMotivation (Psychology)
_9559
650 2 0 _aManagement
_vPsychological aspects
_91223
830 0 _aSiri pengurusan INTAN
_9890
942 _2ddc
_cBOOK